Карта боевых действий 7-го гвардейского танкового корпуса 3-й гвардейской танковой армии 1-го Украинского фронта в Пражской опер...

RUSMARC
00005608cem0a2200373#x 450
001f3254e79-6de3-4616-bd15-15ef7a347277
00520250505121723.0
100##$a20250505j194505##k###0rusy50 ca
1010#$arus
102##$aRU
120##$abyy##########
121##$aa##aаbb#a
1222#$ad19450508##
$ad19450509##
1231#$aa
$b100000
124##$bd
2001#$aКарта боевых действий 7-го гвардейского танкового корпуса 3-й гвардейской танковой армии 1-го Украинского фронта в Пражской операции
$j8-9 мая 1945 г.
251##$cДокумент
300##$aПодлинник
300##$aМасштаб 1:100 000, 1 км в 1 см
461#0$12001
$aФ. 236
$1251
$cФонд
$1852
$j236
462#0$12001
$aОп. 2673
$1251
$cОпись
$1852
$j2673
462#0$12001
$aД. 2372
$vЛ. 1
$1251
$cДело
$1852
$j2372
60102$2nlr_sh
$3RU\NLR\AUTH\6601548633
$aУкраинский фронт
$c1; 1943 - 1945
$jКарты
605##$2prlib_sh
$3LIBNET\UAF\0000088514
$aВторая мировая война в архивных документах (Комплекс оцифрованных архивных документов, кино- и фотоматериалов)
$lколлекция
6061#$2nlr_sh
$3RU\NLR\AUTH\661520861
$aВеликая Отечественная война
$z1941 - 1945
$zТретий период
$z1944 – 1945
$jКарты
6061#$2nlr_sh
$3RU\NLR\AUTH\661342670
$aВеликая Отечественная война
$z1941 - 1945
$xВоенные операции
$z1945
$jКарты
6061#$2nlr_sh
$3RU\NLR\AUTH\66178943
$aПражская операция
$z1945
$jКарты
608##$2prlib_sh
$3DITM\AF\0000000377
$aВоенно-исторические карты
686##$a63.3(2)622,13я64
$2rubbk
$vLBC/M
801#0$aRU
$bПБ им. Б.Н. Ельцина
$c20250505
801#1$aRU
$bПБ им. Б.Н. Ельцина
$c20250505
$2rusmarc
801#2$aRU
$bПБ им. Б.Н. Ельцина
$c20250505
$2rusmarc
850##$aЦентральный архив Министерства обороны Российской Федерации
852##$aЦА МО РФ
$jЛ. 1
035##$aLIBNET\0001471466
937##$d196712104
$hФедеральное архивное агентство
8564#$uhttp://readingroom.main.prlib.ru/item.aspx?id_node=n196712104&mode=full
Формат отображения